| 000 | 00931cam a2200217 4500 | ||
|---|---|---|---|
| 001 | WB3838-01 | ||
| 008 | 021015n2002 000 0 eng u | ||
| 035 | _a(Sirsi) u120080 | ||
| 245 | _aNew construction orders: August 2002 | ||
| 260 | _c2002 | ||
| 490 |
_aDTI Press Release _v(C-1002) 10 October 2002, (2) |
||
| 520 | _aOrders in the 12 months to August 2002 rose by 3% compared to orders in the previous 12 months. Orders in the three months to August 2002 rose by 1% compared to the same period a year earlier. Orders in the three months to August 2002 were unchanged compared to the previous three months. Tables and graphs. http://www.dti.gov.uk/construction/stats/101002/pressrel101002.htm | ||
| 590 | _aWB | ||
| 650 | _aCONSTRUCTION ORDERS | ||
| 650 | _aCONSTRUCTION DEMAND | ||
| 650 | _aCONSTRUCTION MARKET | ||
| 650 | _aSTATISTICS | ||
| 650 | _aNEW CONSTRUCTION | ||
| 690 | _aBUILT ENVIRONMENT | ||
| 942 | _n0 | ||
| 999 |
_c71347 _d71347 |
||